Normal view
MARC view
Entry Personal Name
001 - CONTROL NUMBER
- control field: 1092305
003 - CONTROL NUMBER IDENTIFIER
- control field: OSt
005 - DATE AND TIME OF LATEST TRANSACTION
- control field: 20260121172742.0
008 - FIXED-LENGTH DATA ELEMENTS
- fixed length control field: 260121|| aca||aabn | a|a d
040 ## - CATALOGING SOURCE
- Original cataloging agency: OSt
- Transcribing agency: OSt
100 ## - HEADING--PERSONAL NAME
- Personal name: Deepak Gupta, Ashish Khanna, Vineet Kansal, Giancarlo Fortino, Aboul Ella Hassanien
670 ## - SOURCE DATA FOUND
- Source citation: Work cat.: (OSt)1658045: Deepak Gupta, Ashish Khanna, Vineet Kansal, Giancarlo Fortino, Aboul Ella Hassanien, Proceedings of Second Doctoral Symposium on Computational Intelligence
